| 000 | 02038cam a2200409Mi 4500 | ||
|---|---|---|---|
| 003 | PE-LiUPU | ||
| 005 | 20250731183345.0 | ||
| 008 | 080201s2006 ag a r 000 0 spa d | ||
| 020 | _a9789875840508 | ||
| 020 | _a9875840505 | ||
| 035 | _a(Sirsi) i9789875840508 | ||
| 040 |
_aUNAMX _bspa _cUNAMX _dUNAMX _dPE-LiUPU _erda |
||
| 082 | 0 | 4 |
_a720.973 _bS13 _221 |
| 100 | 1 |
_aSacriste, Eduardo, _d1905- , _eautor. |
|
| 245 | 1 | 0 |
_aFrank Lloyd Wright : _bUsonia / _cEduardo Sacriste. |
| 250 | _a1a ed. | ||
| 264 |
_aBuenos Aires : _bNobuko, _c2006 |
||
| 300 |
_a168 páginas : _bilustraciones ; _c21 centímetros. |
||
| 336 |
_atext _2rdacontent |
||
| 337 |
_aunmediated _2rdamedia |
||
| 338 |
_avolume _2rdacarrier |
||
| 505 | 0 | _aVida y personalidad de Wright -- Aprendiz en Chicago -- Su carácter -- Taliesin -- Cómo se construye en los Estados unidos -- La obra -- Edificio y paisaje -- El uso de la tierra -- Los materiales -- Wright constructor -- Módulos y proporciones -- Las viviendas de Wright -- Arquitectura orgánica -- La casa de precio medio -- Dos casas o un proceso de simplificación -- Análisis de algunas obras de Wright -- Sus ultimas obras -- Una casa prefabricada -- Paralelo con Le Corbusier -- Sus palabras finales -- Síntesis -- Nota biográfica sobre el autor. | |
| 526 | _aP158 | ||
| 526 | _aP146 | ||
| 526 | _aP17 | ||
| 526 | _aP12 | ||
| 526 | _aP06 | ||
| 541 | _g003-001192; | ||
| 600 | 1 | 4 |
_aWright, Frank Lloyd, _d1867-1959 |
| 650 | 4 |
_aArquitectos _zEstados Unidos |
|
| 910 |
_ajck _bebj _cebj _d20160621 |
||
| 942 |
_2ddc _cBOOK |
||
| 949 |
_a720.973 S13 _wDEWEY _c1 _i73753 _lCCODEBUL1 _mBUL _p16.59 _r0 _sY _tBOOK _u2016-6-21 _xINGENIERIA _PP06 _0COMPRA _o.STAFF. Colección General |
||
| 994 |
_aC0 _bPEPRU |
||
| 596 | _a1 | ||
| 999 |
_a720.973 S13 _wDEWEY _c10076 _i73753 _d10076 _e2018-5-16 _f2021-11-9 _g7 _lCCODEBUL1 _mBUL _n1 _p16.59 _q1 _r0 _sY _tBOOK _u2016-6-21 _xINGENIERIA _PP06 _0COMPRA _o.STAFF. Colección General |
||
| 980 |
_81 _gALBERTO SANCHEZ Responsable de Automatización |
||